000 00635nam a22002297a 4500
003 UA-OsUOA
001 118723
007 ta
008 20160913b un ||||| |||| 00| 0 ukr d
100 _aГоломша Н.Є.
700 _aДзядикевич О.Я.
090 _a330(477)
_bГ61
942 _cSA
040 _aUA-OsUOA
_bukr
_cUA-OsUOA
_dUA-OsUOA
245 _aПерспективи світового ринку зерна
300 _aС.49-53
955 _a0
041 _aukr
080 _a330(477)
773 0 _w118720
_tЕкономіка АПК
_dК.
_d2016
_g8
650 7 _a330 Економіка взагалі
_2UDC
999 _c404819
_d404819